| 000 | 00504cam a22001457a 4500 | ||
|---|---|---|---|
| 008 | 180718b1959 xxu||||| |||| 00| 0 eng d | ||
| 082 | _aZx54 Ag85/6 | ||
| 100 | _aAshikaga, Tomomi | ||
| 245 |
_aAgricultural cooperative associations in Japan _cby Tomomi Ashikaga |
||
| 260 |
_aTokyo _bAgriculture, Forestry and Fisheries Productivity Conference _c1959 |
||
| 300 | _a76p. | ||
| 440 | _aAgricultural Development Series, 6 | ||
| 500 | _aBound with Zx52 Ag85/1-8 | ||
| 650 | _aAgriculture, Cooperative - Japan | ||
| 999 |
_c358464 _d358464 |
||